Informe anual de la Comisión Interamericana de derechos humanos 2006
Gorde:
| Erakunde egilea: | |
|---|---|
| Formatua: | Liburua |
| Hizkuntza: | gaztelania |
| Argitaratua: |
Washington, D.C
Secretaria General Organización de los Estados Americanos
2007
|
| Gaiak: | |
| Etiketak: |
Etiketa erantsi
Etiketarik gabe, Izan zaitez lehena erregistro honi etiketa jartzen!
|
MARC
| LEADER | 00000nam a2200000 a 4500 | ||
|---|---|---|---|
| 001 | UCI2672 | ||
| 003 | CL-VaPUC | ||
| 008 | 070907e20070000US |||||||||||||||||spa|d | ||
| 020 | |a 0827050909 v.1 | ||
| 020 | |a 0827050917 v.2 | ||
| 082 | 0 | 4 | |a 323.4 |b COM |2 21 |
| 110 | 2 | |a Comisión Interamericana de Derechos Humanos |e author |9 523779 | |
| 245 | 1 | 0 | |a Informe anual de la Comisión Interamericana de derechos humanos 2006 |
| 300 | |a 2 v | ||
| 942 | |c BK | ||
| 945 | |d 20070907 00:00:00 |a rbrito | ||
| 260 | |a Washington, D.C |b Secretaria General Organización de los Estados Americanos |c 2007 | ||
| 500 | |a Incluye CD | ||
| 650 | 0 | |a Derechos humanos |9 223025 | |
| 650 | 0 | |a Libertad de expresión |9 329993 | |
| 650 | 0 | |a Jurisprudencia |9 255952 | |
| 651 | 0 | |a América Latina |9 255027 | |
| 583 | |a last modification |c 20070907 00:00:00 |k Rodrigo Vera | ||
| 999 | |c 327151 |d 327149 | ||
| 952 | |0 0 |1 0 |4 0 |6 323_400000000000000_COM_2007 |7 0 |8 A |9 409625 |a BIBDER |b BIBDER |d 2019-11-22 |h v.1 |i 4370783 |o 323.4 COM 2007 |p 4370783 |r 2023-01-25 |w 2019-11-22 |y BK |k DER | ||
| 952 | |0 0 |1 0 |4 0 |6 323_400000000000000_COM_2007 |7 0 |8 A |9 409626 |a BIBDER |b BIBDER |d 2019-11-22 |h v.2 |i 4370791 |o 323.4 COM 2007 |p 4370791 |r 2023-01-25 |w 2019-11-22 |y BK |k DER | ||